[Event "TCh-BEL 2016-17"]
[Site "Belgium BEL"]
[Date "2017.03.12"]
[Round "9.6"]
[White "Van der Lende,I"]
[Black "Meessen,R"]
[Result "1-0"]
[WhiteElo "2347"]
[BlackElo "2293"]

1.d4 e6 2.Nd2 d5 3.Ngf3 f5 4.g3 Nf6 5.Bg2 Bd6 6.O-O O-O 7.c4 c6 8.b3 Nbd7
9.Bb2 a5 10.Ne5 a4 11.Qc2 axb3 12.axb3 Rxa1 13.Rxa1 Qe7 14.Ndf3 Ne4 15.Ne1 c5
16.N1d3 cxd4 17.Bxd4 Nxe5 18.Nxe5 Qc7 19.Qb2 Bd7 20.Rc1 Rc8 21.b4 Be8 22.c5
Be7 23.Bxe4 fxe4 24.f3 Bf6 25.fxe4 dxe4 26.Nc4 Bg5 27.Rf1 Bc6 28.Be5 Qe7
29.Bd6 Qe8 30.Rf8+ Qxf8 31.Bxf8 Rxf8 32.Qe5 Bd5 33.Qxg5 Bxc4 34.Qe5 Bd5 35.b5
h6 36.c6 bxc6 37.bxc6 Rc8 38.c7 e3 39.Qd6 Kh7 40.Qd8 Bb7 41.Qd3+ Kh8 42.Qd8+
Kh7 43.g4 e5 44.h4 e4 45.h5 g5 46.hxg6+ Kxg6 47.Kg2 Kf7 48.Kg3 Ba6 49.Kh4 Ke6
50.Kh5 Ke5 51.Kxh6 Kf4 52.g5 Bxe2 53.Qxc8 {#r} 1-0

[Event "TCh-BEL 2016-17"]
[Site "Belgium BEL"]
[Date "2017.03.12"]
[Round "9.8"]
[White "Velikic,A"]
[Black "Huesmann,T"]
[Result "0-1"]
[WhiteElo "2265"]
[BlackElo "2258"]

1.d4 f5 2.Nf3 Nf6 3.g3 g6 4.Bg2 Bg7 5.c4 O-O 6.Nc3 d6 7.O-O c6 8.d5 e5 9.dxe6
Bxe6 10.Qa4 Na6 11.Nd4 Nc5 12.Nxe6 Nxe6 13.Rd1 Qe7 14.Qa3 Rfd8 15.Rb1 Ng4
16.b4 f4 17.h3 Ne5 18.Bxf4 Nxc4 19.Qb3 Ne5 20.Bg5 Qxg5 21.Qxe6+ Nf7 22.Ne4 Qf5
23.Qb3 d5 24.Nc5 b6 25.Nd3 Kh8 26.Rbc1 Rac8 27.Qa4 Qd7 28.e3 Nd6 29.Nf4 b5
30.Qb3 Qe7 31.h4 Rf8 32.Bh3 Nf5 33.h5 g5 34.Ne2 Qf7 35.Bxf5 Qxf5 36.Rf1 Qf3
37.Qd3 Qxh5 38.Nd4 Rf6 39.Kg2 Qg4 40.Rh1 h6 41.Qe2 Qxe2 42.Nxe2 Re6 43.Nc3
Bxc3 44.Rxc3 Kg7 45.Rhc1 Rd6 46.Rc5 a6 47.a4 bxa4 48.Ra1 Rb8 49.Rxa4 Rb6
50.Rca5 d4 51.exd4 Rxd4 52.Rxa6 Rdxb4 53.Rxb6 Rxb6 54.Ra7+ Kf6 55.Rh7 Kg6
56.Rc7 g4 57.Rc8 h5 58.Rg8+ Kf7 59.Rh8 Rb5 60.Rc8 Rc5 61.Rh8 Rf5 62.Rh6 c5
63.Kf1 Ke7 64.Ke2 Kd7 65.Ke3 Kc7 66.Ke4 Rxf2 67.Rxh5 Kc6 68.Rg5 Rd2 69.Rg8
Rd4+ 70.Ke5 Kb5 71.Rb8+ Kc4 72.Rg8 Kd3 73.Ra8 c4 74.Ra1 Re4+ 75.Kd5 Re3
76.Rd1+ Kc2 77.Rd4 c3 78.Rxg4 Kd2 79.Rh4 c2 80.Rh2+ Re2 {#R} 0-1

[Event "TCh-BEL 2016-17"]
[Site "Belgium BEL"]
[Date "2017.03.12"]
[Round "9.1"]
[White "Edouard,R"]
[Black "Leenhouts,K"]
[Result "1-0"]
[WhiteElo "2628"]
[BlackElo "2499"]

1.d4 Nf6 2.c4 e6 3.Nc3 Bb4 4.Nf3 O-O 5.Bg5 d5 6.Qb3 c5 7.dxc5 Nc6 8.O-O-O Bxc3
9.Qxc3 Ne4 10.Bxd8 Nxc3 11.bxc3 Rxd8 12.e3 Ne7 13.e4 Bd7 14.cxd5 exd5 15.exd5
Rac8 16.c6 bxc6 17.Ba6 Rb8 18.dxc6 Bxc6 19.Rxd8+ Rxd8 20.Re1 Ng6 21.Bc4 Bxf3
22.gxf3 Rc8 23.Re4 Kf8 24.Kc2 Rc5 25.Rd4 Rh5 26.Rd8+ Ke7 27.Ra8 Rxh2 28.Rxa7+
Kd6 29.Kb3 Ne5 30.Bxf7 Rxf2 31.Ra6+ Ke7 32.Bd5 Nd3 33.Kc4 Ne5+ 34.Kd4 Nd7
35.Be4 h5 36.Ke3 Rf1 37.Ra7 Kd6 38.Ra6+ Ke7 39.Ra7 Kd6 40.Kf4 Nc5 41.Kg5 Rh1
42.Bf5 h4 43.Bg4 h3 44.Kh4 h2 45.Kh3 g5 46.Ra3 Nd3 47.Kg2 Nf2 48.Bc8 Ke5
49.Ra5+ Kf4 50.Rf5+ Ke3 51.Rf8 Ra1 52.Kxh2 Rxa2 53.Kg3 Nd3 54.Re8+ Kd2 55.c4
Kc3 56.Re3 Kd2 57.Re4 Ra1 58.Bf5 Nf4 59.c5 Rc1 60.Re5 Rg1+ 61.Kf2 Ra1 62.Be4
Kc3 63.Kg3 Rg1+ 64.Kh2 Rg2+ 65.Kh1 Kd4 66.c6 Ra2 67.Rxg5 Nh3 68.c7 Nf2+ 69.Kg1
Nh3+ 70.Kf1 Ra1+ 71.Kg2 Nf4+ 72.Kg3 {#r} 1-0

[Event "TCh-BEL 2016-17"]
[Site "Belgium BEL"]
[Date "2017.03.12"]
[Round "9.3"]
[White "Pijpers,A"]
[Black "Piceu,T"]
[Result "1-0"]
[WhiteElo "2469"]
[BlackElo "2363"]

1.e4 c5 2.Nf3 d6 3.d4 cxd4 4.Nxd4 Nf6 5.Nc3 a6 6.Bg5 Nbd7 7.f4 b5 8.Bxf6 Nxf6
9.e5 b4 10.Na4 Bd7 11.exf6 Bxa4 12.Qh5 g6 13.Qd5 Bh6 14.Bc4 O-O 15.Ne6 Qd7
16.Nxf8 Rxf8 17.O-O Bxc2 18.Bd3 Ba4 19.fxe7 Qxe7 20.f5 Bg7 21.fxg6 hxg6
22.Bxg6 Bxb2 23.Rae1 Be5 24.Re4 Qc7 25.Rg4 Bg7 26.Bh7+ Kh8 27.Rh4 Bb5 28.Bd3+
Kg8 29.Bh7+ Kh8 30.Bd3+ Kg8 31.Bxb5 axb5 32.Rxb4 Qc5+ 33.Qxc5 dxc5 34.Rxb5
Bd4+ 35.Kh1 Ra8 36.Rb7 f6 37.Re1 Be5 38.Re2 c4 39.g3 c3 40.Kg2 Rc8 41.Rc2 Rd8
42.Kf3 Ra8 43.Ke4 Ra5 44.Kf5 Rd5 45.Kg6 Kf8 46.h4 Ke8 47.g4 Kd8 48.g5 fxg5
49.Kxg5 Kc8 50.Rf7 Bg3+ 51.Kg4 Be1 52.h5 Bd2 53.h6 Bxh6 54.Rxc3+ Kb8 55.Rh3
Rd4+ 56.Kh5 Bd2 57.Rg3 Rd5+ 58.Kg6 Ba5 59.Kf6 Rd6+ 60.Kf5 Bc7 61.Rc3 Ba5
62.Rc4 Rd2 63.Ra4 Rf2+ 64.Ke6 Rxf7 65.Kxf7 Be1 66.Ke6 Kb7 67.Kd5 Bf2 68.Kc4
Kb6 69.Ra8 Be3 70.Kb4 Bd2+ 71.Ka4 Be3 72.Re8 Bf2 73.Re6+ Kb7 74.Kb5 Bg3
75.Re7+ Ka8 76.Ka6 Bh2 77.Rb7 Bb8 78.a4 Bg3 79.a5 Bf4 80.Rf7 Be5 81.Rf8+ Bb8
82.Kb5 Kb7 83.a6+ Ka8 84.Rg8 Ka7 85.Rg7+ Ka8 86.Kb6 Be5 87.Ra7+ Kb8 88.Rd7 Ka8
89.a7 Bd4+ 90.Ka6 Bb6 91.Re7 Bd8 92.Rg7 {#r} 1-0

[Event "TCh-BEL 2016-17"]
[Site "Belgium BEL"]
[Date "2017.03.12"]
[Round "9.4"]
[White "Maenhout,T"]
[Black "Van Haastert,E"]
[Result "0-1"]
[WhiteElo "2392"]
[BlackElo "2449"]

1.c4 e5 2.Nc3 Nf6 3.Nf3 Nc6 4.e3 Bb4 5.Qc2 Bxc3 6.Qxc3 Qe7 7.Be2 O-O 8.O-O d5
9.d4 exd4 10.Nxd4 Nxd4 11.Qxd4 c5 12.Qh4 dxc4 13.Bxc4 Be6 14.Bd3 h6 15.e4 Rad8
16.Bc2 Rfe8 17.f4 Bc4 18.Re1 Bd3 19.Bxd3 Rxd3 20.e5 Nd5 21.Qf2 Qc7 22.Bd2 c4
23.Re2 b5 24.Rae1 Qb6 25.f5 Qxf2+ 26.Kxf2 b4 27.g4 a5 28.e6 fxe6 29.fxe6 a4
30.Bc1 c3 31.Re4 cxb2 32.Bxb2 Rd2+ 33.R1e2 Rxe2+ 34.Kxe2 Rxe6 35.Rxe6 Nf4+
36.Ke3 Nxe6 37.Kd3 b3 38.axb3 axb3 39.Bc1 Kf7 40.h4 Nf8 41.Kc3 Nd7 42.Kxb3 Ne5
43.Kc3 Nxg4 44.Kd4 Kg6 45.Kd5 Kh5 46.Bb2 g6 47.Ke6 Kxh4 48.Kf7 Kg5 {#R} 0-1

[Event "TCh-BEL 2016-17"]
[Site "Belgium BEL"]
[Date "2017.03.12"]
[Round "9.6"]
[White "Donovan,L"]
[Black "Schoppen,Casper"]
[Result "0-1"]
[WhiteElo "2278"]
[BlackElo "2304"]

1.e4 c5 2.Nf3 Nc6 3.d4 cxd4 4.Nxd4 Nf6 5.Nc3 e5 6.Ndb5 d6 7.Bg5 a6 8.Na3 b5
9.Nd5 Be7 10.Bxf6 Bxf6 11.c3 Bg5 12.Qf3 Ne7 13.Nxe7 Qxe7 14.Nc2 O-O 15.Ne3
Bxe3 16.Qxe3 f5 17.exf5 Bb7 18.f3 Rxf5 19.O-O-O Raf8 20.Bd3 Rf4 21.Bc2 b4
22.cxb4 Rxb4 23.Qd3 e4 24.Qxd6 Qxd6 25.Rxd6 exf3 26.gxf3 Bxf3 27.Re1 Rh4
28.Bb3+ Kh8 29.Rxa6 Rxh2 30.a4 h5 31.Bd1 Bxd1 32.Rxd1 Rc8+ 33.Kb1 Rb8 34.a5
Rbxb2+ 35.Ka1 Ra2+ 36.Kb1 Rhb2+ 37.Kc1 Rc2+ 38.Kb1 Rcb2+ 39.Kc1 Rb5 40.Rd7
Rc5+ 41.Kb1 Raxa5 42.Rg6 Rab5+ 43.Ka2 Rb8 44.Ra7 Rg8 45.Kb3 Kh7 46.Rb6 Rf8
47.Rb4 Rf3+ 48.Ka4 Kh6 49.Rd4 g6 50.Kb4 Rc1 51.Re7 Rf6 52.Rdd7 Rb6+ {#R} 0-1

[Event "TCh-BEL 2016-17"]
[Site "Belgium BEL"]
[Date "2017.03.12"]
[Round "9.7"]
[White "Goormachtigh,J"]
[Black "Sterck,Arno"]
[Result "1-0"]
[WhiteElo "2160"]
[BlackElo "2191"]

1.d4 d5 2.c4 c6 3.Nc3 Nf6 4.Nf3 e6 5.Bg5 h6 6.Bxf6 Qxf6 7.e3 Nd7 8.Be2 dxc4
9.Bxc4 g6 10.O-O Bg7 11.Qc2 O-O 12.Rac1 Qe7 13.Rfd1 Rd8 14.a3 b6 15.e4 c5
16.d5 Ne5 17.Nxe5 Bxe5 18.dxe6 Bxe6 19.Nd5 Qh4 20.g3 Qh3 21.Ne7+ Kh7 22.Rxd8
Rxd8 23.Nc6 {#r} 1-0

[Event "TCh-BEL 2016-17"]
[Site "Belgium BEL"]
[Date "2017.03.12"]
[Round "9.2"]
[White "Burg,T"]
[Black "Eliet,N"]
[Result "1-0"]
[WhiteElo "2495"]
[BlackElo "2385"]

1.d4 f5 2.c4 Nf6 3.Nf3 g6 4.g3 Bg7 5.Bg2 d6 6.O-O O-O 7.Nc3 c6 8.Re1 Na6 9.Rb1
Qe8 10.b4 Nc7 11.d5 Bd7 12.Qb3 Kh8 13.Bb2 e5 14.dxe6 Bxe6 15.e4 fxe4 16.Nxe4
Nxe4 17.Bxg7+ Kxg7 18.Rxe4 Qf7 19.Qb2+ Qf6 20.Ng5 Rae8 21.Nxe6+ Rxe6 22.Rxe6
Nxe6 23.Qxf6+ Kxf6 24.Rd1 Rd8 25.f4 c5 26.bxc5 Nxc5 27.Kf2 h6 28.g4 a6 29.h4
Ke7 30.g5 hxg5 31.fxg5 b5 32.cxb5 axb5 33.Kg3 b4 34.Re1+ Kf8 35.Rf1+ Kg7
36.Bd5 Rd7 37.Rf4 Na6 38.Kg4 {#r} 1-0

[Event "TCh-BEL 2016-17"]
[Site "Belgium BEL"]
[Date "2017.03.12"]
[Round "9.3"]
[White "Saiboulatov,D"]
[Black "Zaragatski,I"]
[Result "0-1"]
[WhiteElo "2373"]
[BlackElo "2502"]

1.e4 c5 2.Nf3 e6 3.c3 Nf6 4.Bd3 d5 5.e5 Nfd7 6.Bc2 d4 7.d3 Nc6 8.Ba4 Qc7 9.Bf4
a6 10.Bxc6 Qxc6 11.c4 b5 12.Nbd2 Bb7 13.Qe2 Be7 14.h4 Nb6 15.Rh3 bxc4 16.Nxc4
Nxc4 17.dxc4 O-O 18.Rg3 Kh8 19.h5 h6 20.Qd2 Qe4+ 21.Kf1 Qf5 22.Nh2 Kh7 23.f3
Bh4 24.Rh3 Bg5 25.Bxg5 Qxg5 26.f4 Qf5 27.Re1 g5 28.Rb3 Rab8 29.Qe2 f6 30.exf6
Qxf6 31.Kg1 Qxf4 32.Rf1 Qe4 33.Qxe4+ Bxe4 34.Rxb8 Rxb8 35.Rf7+ Kg8 36.Re7 Rxb2
{#R} 0-1

[Event "TCh-BEL 2016-17"]
[Site "Belgium BEL"]
[Date "2017.03.12"]
[Round "9.7"]
[White "Sclacmender,J"]
[Black "Memeti,K"]
[Result "1-0"]
[WhiteElo "2204"]
[BlackElo "2196"]

1.e4 e6 2.d4 d5 3.Nc3 Nf6 4.e5 Nfd7 5.f4 c5 6.Nf3 Nc6 7.Be3 Be7 8.Qd2 O-O
9.dxc5 Nxc5 10.O-O-O a6 11.Kb1 b5 12.Qf2 b4 13.Nxd5 Ne4 14.Nxe7+ Qxe7 15.Qe1
Rb8 16.Ka1 f5 17.exf6 Nxf6 18.Bd3 Nd5 19.g3 Qf7 20.Bc5 Nce7 21.Bxe7 Qxe7
22.Qe5 Rb7 23.Rhe1 b3 24.c3 Qc5 25.Be4 Qa5 26.a3 Kh8 27.c4 Rb4 28.cxd5 Ra4
29.Kb1 exd5 30.Rxd5 Qb6 31.Rd4 Rxd4 32.Qxd4 {#r} 1-0

[Event "TCh-BEL 2016-17"]
[Site "Belgium BEL"]
[Date "2017.03.12"]
[Round "9.1"]
[White "Docx,S"]
[Black "Hausrath,D"]
[Result "0-1"]
[WhiteElo "2400"]
[BlackElo "2481"]

1.c4 Nf6 2.Nc3 g6 3.Nf3 Bg7 4.e4 d6 5.d4 O-O 6.Be2 c5 7.d5 e6 8.O-O Re8 9.h3
exd5 10.exd5 Bf5 11.Bd3 Ne4 12.Nxe4 Bxe4 13.Bxe4 Rxe4 14.Qc2 Re8 15.Bf4 Na6
16.Rae1 Qd7 17.Ng5 b5 18.b3 bxc4 19.Qxc4 Rxe1 20.Rxe1 Nc7 21.Ne4 Re8 22.Kf1
Nb5 23.Bg3 f5 24.a4 Na3 25.Qc1 Rxe4 26.Rxe4 fxe4 27.Qxa3 Qb7 28.Qc1 Qxb3
29.Bxd6 c4 30.Kg1 h6 31.Bf4 g5 32.Bc7 Qd3 33.d6 c3 34.Ba5 c2 35.Bd2 Bc3
36.Bxg5 hxg5 37.Qxg5+ Kf7 38.Qe7+ Kg6 39.Qe6+ Bf6 40.Qg4+ Kh6 41.Qf4+ Bg5
42.Qf8+ Kg6 43.Qe8+ Kf5 44.g4+ Kf4 {#R} 0-1

[Event "TCh-BEL 2016-17"]
[Site "Belgium BEL"]
[Date "2017.03.12"]
[Round "9.3"]
[White "Offringa,Joo"]
[Black "Zelbel,P"]
[Result "0-1"]
[WhiteElo "2302"]
[BlackElo "2452"]

1.c4 c5 2.Nf3 Nc6 3.Nc3 g6 4.e3 Nf6 5.d4 cxd4 6.exd4 d5 7.Bg5 Be6 8.Bxf6 exf6
9.Be2 Bg7 10.O-O O-O 11.Qa4 a6 12.c5 f5 13.Rfd1 g5 14.Ne5 Qc7 15.f4 Nxe5
16.fxe5 f6 17.exf6 Rxf6 18.Bf3 Rd8 19.Re1 Rh6 20.g3 Qf7 21.c6 bxc6 22.Qxc6
Bxd4+ 23.Kf1 f4 {#R} 0-1

[Event "TCh-BEL 2016-17"]
[Site "Belgium BEL"]
[Date "2017.03.12"]
[Round "9.4"]
[White "Roeder,M"]
[Black "Bekker,Stefan"]
[Result "1-0"]
[WhiteElo "2379"]
[BlackElo "2313"]

1.Nf3 Nf6 2.c4 g6 3.Nc3 c5 4.d4 cxd4 5.Nxd4 Nc6 6.e4 d6 7.Be2 Nxd4 8.Qxd4 Bg7
9.Be3 O-O 10.Qd2 a5 11.Bd4 a4 12.O-O Qa5 13.Qe3 Be6 14.Rfd1 Nd7 15.Nd5 Bxd5
16.Bxg7 Kxg7 17.exd5 Qc5 18.Rd4 Rfe8 19.Rad1 Ra6 20.Qd2 Rb6 21.Rh4 Nf8 22.Qc3+
Kg8 23.Rd2 Rb4 24.Rhd4 Rc8 25.Qe3 Rc7 26.h4 a3 27.b3 Rb6 28.Qg3 Qa5 29.h5 e5
30.dxe6 Nxe6 31.Rxd6 Rxd6 32.Rxd6 Qe1+ 33.Bf1 Rc5 34.h6 Rf5 35.Qe3 Re5 36.Qb6
Kf8 37.Rd7 Ke8 38.Qd6 {#r} 1-0

[Event "TCh-BEL 2016-17"]
[Site "Belgium BEL"]
[Date "2017.03.12"]
[Round "9.6"]
[White "Gulbas,C"]
[Black "Baert,A"]
[Result "1-0"]
[WhiteElo "2360"]
[BlackElo "2188"]

1.e4 c5 2.Nf3 d6 3.d4 cxd4 4.Nxd4 Nf6 5.Nc3 a6 6.Be2 Nbd7 7.g4 h6 8.Be3 b5
9.f3 e6 10.h4 Bb7 11.Rg1 b4 12.Na4 g5 13.hxg5 hxg5 14.Qd2 Qa5 15.b3 d5 16.e5
Nxe5 17.Nxe6 fxe6 18.Bb6 Nxf3+ 19.Bxf3 Qb5 20.Qxg5 Kf7 21.Qe5 Bg7 22.g5 Nd7
23.g6+ {#r} 1-0

[Event "TCh-BEL 2016-17"]
[Site "Belgium BEL"]
[Date "2017.03.12"]
[Round "9.7"]
[White "Veltkamp,G"]
[Black "Schuh,Di"]
[Result "0-1"]
[WhiteElo "2149"]
[BlackElo "2357"]

1.e4 c5 2.c3 d5 3.exd5 Qxd5 4.d4 Nc6 5.Nf3 Bf5 6.Na3 cxd4 7.Nb5 O-O-O 8.cxd4
e5 9.Nc3 Qa5 10.d5 Nb4 11.Bc4 Nc2+ 12.Kf1 Nxa1 13.Nxe5 Qc7 14.Bf4 a6 15.Bg3
Bd6 16.Bd3 Nh6 17.Nc4 Bxg3 18.hxg3 Nc2 19.d6 Qc6 20.Nd5 Bxd3+ 21.Qxd3 Kb8
22.Ne7 Qa4 23.a3 Nb4 24.axb4 Qa1+ 25.Ke2 Qxh1 26.Qd5 Rhe8 27.Ne5 Qc1 {#R} 0-1

[Event "TCh-BEL 2016-17"]
[Site "Belgium BEL"]
[Date "2017.03.12"]
[Round "9.8"]
[White "Vanstreels,L"]
[Black "Cornelisse,J"]
[Result "1-0"]
[WhiteElo "2105"]
[BlackElo "2131"]

1.d4 Nf6 2.Nd2 c5 3.dxc5 Na6 4.Nb3 Nxc5 5.Be3 Na6 6.Nf3 e6 7.Bd4 Be7 8.a4 Nb4
9.e3 Qc7 10.Bd3 d6 11.e4 e5 12.Bc3 Nc6 13.O-O Bg4 14.h3 Bh5 15.Nbd2 d5 16.exd5
Nxd5 17.Re1 Nxc3 18.bxc3 O-O 19.Qb1 f5 20.Bc4+ Kh8 21.Bd5 Bf6 22.Ra3 Qd6
23.Qa2 e4 24.Nd4 Nxd4 25.cxd4 Bxd4 26.c4 Bc5 27.Rb3 Rab8 28.Nf1 b6 29.Reb1 a5
30.Ng3 Bg6 31.Ne2 f4 32.Rd1 f3 33.Nd4 Qe5 34.Qb2 Qg5 35.g3 Qh5 36.Ne6 Qh6
37.h4 Bd6 38.Nxf8 Rxf8 39.Rxb6 Be7 40.Bxe4 Qh5 41.Bxg6 hxg6 42.Rb8 Qf5
43.Rxf8+ Bxf8 44.Qb8 Kh7 45.Qf4 Qc2 46.Rc1 Qb2 47.c5 Be7 48.Qc4 Bd8 49.h5 Bg5
50.hxg6+ Kh6 51.Rd1 Qe5 52.Qd5 Qe2 53.Qd4 Kh5 54.c6 Be3 55.Qh4+ Kxg6 56.Qe4+
Kf7 57.Rd7+ Kg8 58.Qxe3 {#r} 1-0

[Event "TCh-BEL 2016-17"]
[Site "Belgium BEL"]
[Date "2017.03.12"]
[Round "9.2"]
[White "Bosboom,M"]
[Black "Haub,TM"]
[Result "0-1"]
[WhiteElo "2397"]
[BlackElo "2393"]

1.Nf3 g6 2.c4 Bg7 3.Qc2 d6 4.e3 Nf6 5.b3 e5 6.Bb2 Qe7 7.d3 O-O 8.Nbd2 a5 9.a3
c5 10.Be2 Nc6 11.h3 Bd7 12.g4 a4 13.bxa4 Nd8 14.g5 Nh5 15.Ne4 Bxa4 16.Qc3 Ne6
17.h4 f5 18.gxf6 Nxf6 19.Nfd2 Nxe4 20.Nxe4 Bc6 21.Rh2 Rab8 22.a4 b6 23.Qc2 Ra8
24.h5 Ng5 25.hxg6 h6 26.Nc3 Nf3+ 27.Bxf3 Rxf3 28.O-O-O Rf6 29.Rg1 Qa7 30.Qd2
Bxa4 31.d4 Bc6 32.dxe5 dxe5 33.Nd5 Rd6 34.e4 Bxd5 35.cxd5 Qa2 36.Qc2 Ra4
37.Rh3 Rf6 38.Rc3 h5 39.Kd1 Rb4 40.Bc1 Rxf2 41.Qxa2 Rxa2 42.Be3 Rxe4 43.Rg3 h4
44.Rh3 Rg4 45.Rb3 Rxg6 46.Rxh4 Rgg2 47.Rh1 e4 48.d6 Ra1+ 49.Bc1 c4 50.d7 Bf6
51.Rh6 Ra7 52.Rxb6 Rxd7+ 53.Ke1 Rg1+ 54.Ke2 Bg7 55.Be3 Rg2+ 56.Kf1 Bxh6 {#R}
0-1

[Event "TCh-BEL 2016-17"]
[Site "Belgium BEL"]
[Date "2017.03.12"]
[Round "9.3"]
[White "Wantiez,F"]
[Black "Lai,Hing Ting"]
[Result "0-1"]
[WhiteElo "2339"]
[BlackElo "2419"]

1.e4 c6 2.d4 d5 3.exd5 cxd5 4.Bd3 Nc6 5.c3 Qc7 6.h3 g6 7.Nf3 Nf6 8.O-O Bf5
9.Bxf5 gxf5 10.Ne5 e6 11.Bf4 Bd6 12.Na3 a6 13.c4 O-O 14.Bh6 Rfe8 15.Qc1 Ne4
16.Nxc6 bxc6 17.c5 Be7 18.Re1 Kh8 19.Bf4 Qd8 20.f3 Nf6 21.Be5 Rg8 22.g4 Rg6
23.Kh2 fxg4 24.hxg4 Kg8 25.Kg2 Nd7 26.Rh1 Bxc5 27.Rh5 Nxe5 28.dxe5 Qb6 29.Nc2
Qb5 30.Qd2 Qxb2 31.Rah1 Rg7 32.Qd3 Qb5 33.Rxh7 Rxg4+ 34.fxg4 Qxd3 {#R} 0-1

[Event "St Louis Winter Classic A"]
[Site "Saint Louis USA"]
[Date "2017.03.11"]
[Round "1.1"]
[White "Shankland,S"]
[Black "Zherebukh,Y"]
[Result "0-1"]
[WhiteElo "2666"]
[BlackElo "2605"]

1.e4 c5 2.Nf3 d6 3.d4 cxd4 4.Nxd4 Nf6 5.f3 e5 6.Nb3 d5 7.Bg5 d4 8.c3 Nc6 9.Bb5
h6 10.Bxf6 Qxf6 11.cxd4 Bb4+ 12.Nc3 O-O 13.Bxc6 bxc6 14.dxe5 Qxe5 15.Qd4 Qe7
16.O-O-O Be6 17.Kb1 Rab8 18.Na4 f5 19.Nbc5 fxe4 20.fxe4 Bf7 21.Qd6 Qg5 22.Qg3
Qxg3 23.hxg3 Rb5 24.Rc1 Bg6 25.Rc2 Re8 26.Rd1 Re5 27.Rd6 Be8 28.Rd8 Kh7 29.Rc8
h5 30.Ka1 Bxc5 31.Rxe8 Rxe8 32.Nxc5 Re5 33.b4 a5 34.Re2 Rxb4 {#R} 0-1

[Event "St Louis Winter Classic A"]
[Site "Saint Louis USA"]
[Date "2017.03.11"]
[Round "1.2"]
[White "Xiong,Jeffery"]
[Black "Li,Ruifeng"]
[Result "1-0"]
[WhiteElo "2674"]
[BlackElo "2577"]

1.e4 e5 2.Nf3 Nc6 3.Bc4 Bc5 4.c3 Nf6 5.d3 a6 6.a4 d6 7.O-O O-O 8.Nbd2 Ne7
9.Re1 Ng6 10.Nf1 c6 11.Bb3 Re8 12.Ng3 d5 13.Bg5 Be7 14.exd5 Nxd5 15.Bxe7 Rxe7
16.h3 Ndf4 17.d4 Be6 18.Bxe6 Rxe6 19.dxe5 Nd3 20.Nd4 Nxe1 21.Nxe6 Qxd1 22.Rxd1
Nf3+ 23.gxf3 fxe6 24.Rd7 b5 25.Nh5 Nxe5 26.Rxg7+ Kh8 27.Re7 Nxf3+ 28.Kf1 Rf8
29.Rxe6 bxa4 30.Rxc6 a5 31.Rc5 Nd2+ 32.Ke2 Nb3 33.Rc7 Kg8 34.Ke3 Re8+ 35.Kd3
Rf8 36.f4 Rf5 37.Rg7+ Kf8 38.Rxh7 Rd5+ 39.Ke3 Rd2 40.f5 Rxb2 41.f6 Rb1 42.Nf4
Rf1 43.Ne6+ Kg8 44.Rg7+ Kh8 45.Nf4 Rxf4 46.Kxf4 a3 47.Rg1 a2 48.f7 {#r} 1-0

[Event "St Louis Winter Classic A"]
[Site "Saint Louis USA"]
[Date "2017.03.11"]
[Round "1.5"]
[White "Cordova,E"]
[Black "Fedoseev,Vl3"]
[Result "1-0"]
[WhiteElo "2655"]
[BlackElo "2658"]

1.Nf3 d6 2.d4 f5 3.Nc3 Nf6 4.Bg5 Nbd7 5.Qd3 g6 6.h3 Bg7 7.g4 Nb6 8.O-O-O O-O
9.Bxf6 exf6 10.Rg1 d5 11.e3 c6 12.g5 Nc4 13.h4 Qe7 14.Ne2 fxg5 15.Nxg5 Bd7
16.Nf4 Rae8 17.Be2 Nd6 18.Rg2 Ne4 19.Rdg1 Bh6 20.Bf3 Bxg5 21.hxg5 b5 22.Qf1 a5
23.Rh2 Rf7 24.Bxe4 fxe4 25.Qe1 Qb4 26.a3 Qd6 27.Rh6 b4 28.axb4 axb4 29.Rgh1
Ra8 30.Kd2 Qf8 31.R1h4 b3 32.Qh1 Rxf4 33.Rxg6+ hxg6 34.Rh8+ Kf7 35.Rxf8+ Rxf8
36.exf4 Kg8 37.Ke3 Rf7 38.cxb3 Rh7 39.Qa1 Rh3+ 40.Kd2 Rd3+ 41.Kc2 Bg4 42.Qa8+
Kf7 43.Qb7+ Kf8 44.Qb8+ {#r} 1-0

[Event "St Louis Winter Classic B"]
[Site "Saint Louis USA"]
[Date "2017.03.11"]
[Round "1.3"]
[White "Finegold,B"]
[Black "Krush,I"]
[Result "1-0"]
[WhiteElo "2481"]
[BlackElo "2444"]

1.Nf3 Nf6 2.d4 d5 3.c4 e6 4.Nc3 Bb4 5.cxd5 exd5 6.Bg5 h6 7.Bxf6 Qxf6 8.e3 O-O
9.Qb3 Qd6 10.Bd3 c6 11.O-O Nd7 12.Rad1 Ba5 13.h3 Re8 14.Qa4 Bc7 15.Rfe1 Nf6
16.Ne5 Qe7 17.f4 Nd7 18.Qc2 Nxe5 19.fxe5 Be6 20.Rf1 c5 21.Qf2 Rf8 22.Ne2 f6
23.Nf4 Bf7 24.exf6 Qxf6 25.dxc5 Qe5 26.Bb1 Rae8 27.Rde1 Re6 28.Qc2 Bg6 29.Qc3
Bxb1 30.Qxe5 Rxe5 31.Rxb1 g5 32.Nh5 Rd8 33.Rbd1 Rxe3 34.Nf6+ Kg7 35.Nxd5 Bf4
36.Nxe3 {#r} 1-0

[Event "St Louis Winter Classic B"]
[Site "Saint Louis USA"]
[Date "2017.03.11"]
[Round "1.4"]
[White "Ramirez,Alej"]
[Black "Chandra,Akshat"]
[Result "1-0"]
[WhiteElo "2549"]
[BlackElo "2505"]

1.e4 c5 2.Nf3 d6 3.Bb5+ Nd7 4.c3 Nf6 5.Qe2 a6 6.Ba4 e6 7.O-O b5 8.Bc2 Bb7 9.d4
Be7 10.Nbd2 Qc7 11.Bd3 O-O 12.Re1 Rfe8 13.Nf1 cxd4 14.cxd4 e5 15.d5 Nc5 16.Ng3
Nxd3 17.Qxd3 Rac8 18.Bg5 Nd7 19.Bxe7 Rxe7 20.Nf5 Ree8 21.Qa3 Nc5 22.b4 Na4
23.Rac1 Qd7 24.Ng5 Qd8 25.Qg3 Qf6 26.Qh4 h6 27.Nf3 Qd8 28.g4 Qxh4 29.N3xh4
Rcd8 30.Rc7 Bc8 31.Rec1 Nb6 32.R1c6 Bxf5 33.Nxf5 Nc4 34.a4 Ra8 35.a5 Red8
36.f3 Nb2 37.Nxd6 Nd3 38.Rb6 Nxb4 39.Nxf7 Re8 40.d6 Kh7 41.d7 Rf8 42.g5 {#r}
1-0

[Event "St Louis Winter Classic B"]
[Site "Saint Louis USA"]
[Date "2017.03.11"]
[Round "1.5"]
[White "Chirila,I"]
[Black "Sukandar,I"]
[Result "1-0"]
[WhiteElo "2522"]
[BlackElo "2423"]

1.c4 Nf6 2.Nc3 e5 3.g3 d5 4.cxd5 Nxd5 5.Bg2 Nb6 6.Nf3 Nc6 7.O-O Be7 8.a3 O-O
9.b4 Re8 10.d3 Bf8 11.Bb2 a5 12.b5 Nd4 13.Nxd4 exd4 14.Ne4 a4 15.Qd2 Re5 16.e3
dxe3 17.fxe3 Rxb5 18.Bd4 c5 19.Be5 Be6 20.Qe2 Rb3 21.Qh5 h6 22.Bh3 Qd5 23.Rf6
Qxd3 24.Bxe6 Qxe3+ 25.Rf2 fxe6 26.Nf6+ Kh8 27.Qg6 Qd3 28.Ne4 Qe3 29.Kg2 Kg8
30.Nf6+ {#r} 1-0

[Event "66th ch-GRE 2017"]
[Site "Thessaloniki GRE"]
[Date "2017.03.11"]
[Round "8.2"]
[White "Galopoulos,N"]
[Black "Halkias,S"]
[Result "0-1"]
[WhiteElo "2379"]
[BlackElo "2584"]

1.d4 Nf6 2.Nf3 e6 3.c4 c5 4.e3 a6 5.a3 b6 6.Nc3 Bb7 7.Rb1 cxd4 8.Nxd4 Be7
9.Be2 O-O 10.O-O Nc6 11.Bf3 Qc7 12.b3 Nxd4 13.Bxb7 Qxb7 14.Qxd4 Rfd8 15.e4 d6
16.Bb2 Bf8 17.Rfd1 Nd7 18.a4 Qc7 19.Ba3 Ne5 20.Rbc1 Be7 21.h3 Rd7 22.Qe3 Rad8
23.f4 Ng6 24.Ne2 h6 25.Ng3 e5 26.Nf5 exf4 27.Nxe7+ Rxe7 28.Qf3 Re5 29.Rd4 Rg5
30.Kh1 Rg3 31.Qd1 f3 32.Bxd6 fxg2+ 33.Kg1 Rxd6 34.Rxd6 Nf4 {#R} 0-1

[Event "66th ch-GRE 2017"]
[Site "Thessaloniki GRE"]
[Date "2017.03.11"]
[Round "8.5"]
[White "Pavlidis,Ant"]
[Black "Nikolaidis,I"]
[Result "1-0"]
[WhiteElo "2532"]
[BlackElo "2557"]

1.e4 e5 2.Nf3 Nc6 3.Bb5 a6 4.Ba4 Nf6 5.O-O Be7 6.Re1 b5 7.Bb3 d6 8.c3 O-O 9.h3
Na5 10.Bc2 c5 11.d4 Nd7 12.Nbd2 exd4 13.cxd4 Nc6 14.d5 Nce5 15.a4 Bb7 16.Nxe5
Nxe5 17.f4 Ng6 18.Nf3 Re8 19.Kh2 Nf8 20.Ra3 b4 21.Rae3 a5 22.Kh1 Bh4 23.Nxh4
Qxh4 24.e5 Rad8 25.Bb3 dxe5 26.Re4 f5 27.Rxe5 Rxe5 28.Rxe5 Ng6 29.Re6 Nxf4
30.Bxf4 Qxf4 31.d6 Kf8 32.Qe2 g6 33.Re7 Bxg2+ 34.Kxg2 Qg5+ 35.Kh2 Qf4+ 36.Kh1
Qc1+ 37.Kg2 Qg5+ 38.Kh2 Qf4+ 39.Kh1 Qc1+ 40.Bd1 Qh6 41.Qe5 {#r} 1-0

[Event "ch-IRI 2017"]
[Site "Tehran IRI"]
[Date "2017.03.11"]
[Round "9.3"]
[White "Mousavi,Se"]
[Black "Firouzja,Alireza"]
[Result "1-0"]
[WhiteElo "2412"]
[BlackElo "2470"]

1.d4 Nf6 2.Nf3 g6 3.Nbd2 Bg7 4.e4 d6 5.Bc4 O-O 6.O-O c6 7.Qe2 Nbd7 8.e5 dxe5
9.dxe5 Nd5 10.Re1 e6 11.c3 Qc7 12.a4 b6 13.Nb3 Bb7 14.a5 c5 15.Bd3 Bc6 16.Bd2
Ne7 17.Bf4 Bxf3 18.gxf3 Rab8 19.Bb5 bxa5 20.Rxa5 Nc6 21.Ra6 Rb6 22.Rxb6 axb6
23.Qe4 Ndb8 24.Qe3 Na7 25.Bf1 Nd7 26.Bg3 Nc6 27.Bb5 Ndb8 28.Nd2 Ne7 29.Ne4 Nf5
30.Nf6+ Kh8 31.Qe4 Qa7 32.Rd1 Qa5 33.Qe2 Qa8 34.Qe4 Qa5 35.Qa4 Qxa4 36.Bxa4
Bh6 37.Bb5 Bg5 38.Ra1 Rd8 39.Ra7 Nh6 40.Ne4 Bc1 41.Bh4 g5 42.Bxg5 Bxg5 43.Nxg5
Kg8 44.Rb7 Rf8 45.Ne4 Rd8 46.Nd6 Kg7 47.f4 Kg6 48.Kg2 Nf5 49.Nxf5 Kxf5 50.Kf3
Kg6 51.Rxb6 h5 52.h4 Rc8 53.Ke4 Rd8 54.f5+ {#r} 1-0